000 00847nam a2200229Ia 4500
003 GCL
005 20240530110859.0
008 140319s2010 ua g b 000 0 ara d
016 _22009/21015
_aمصر. دار الكتب
020 _a9772121832
040 _aGCL /
_cGCL
082 0 4 _a303.3/
_bهـ ع
100 0 _aهشام محمود الاقداحى
245 1 0 _aعلم اجتماع السلطة /
_cهشام محمود الاقداحى
260 _aالاسكندرية :
_bمؤسسة شباب الجامعة،
_c2010.
300 _a523 ص. ؛
_c24 سم.
504 _aيشتمل على ارجاعات ببليوجرافية
650 0 7 _2qrmak
_aالاحوال السياسية
650 0 7 _2qrmak
_aعلم اجتماع السلطة
650 0 7 _2qrmak
_aالاحوال السياسية
_zالشرق الاوسط
942 _2ddc
_cBK
999 _c66099
_d66099